000 00504nam a2200181Ia 4500
008 240729s9999 xx 000 0 und d
022 _a1813-1956
245 0 _aNepal Journal of Neuroscience
260 _aNepal
260 _bNESON
650 _a Internal medicine
650 _a Neurosciences. Biological psychiatry. Neuropsychiatry
650 _a Surgery | Medicine
650 _aMedicine
856 _uhttps://doaj.org/toc/20df5de7dbf440d1ac915390805e4d0b
942 _2ddc
942 _cDOAJEJ
999 _c70522
_d70522
945 _a1
_bMadushi Gamage
_c1
_dMadushi Gamage